Немецкий язык : (Record no. 505296)
[ view plain ]
| 000 -LEADER | |
|---|---|
| fixed length control field | 00851-am-a2200205-a-4500 |
| 001 - CONTROL NUMBER | |
| control field | 000130533 |
| 003 - CONTROL NUMBER IDENTIFIER | |
| control field | AM-YeHGA |
| 005 - DATE AND TIME OF LATEST TRANSACTION | |
| control field | 20250617163345.0 |
| 008 - FIXED-LENGTH DATA ELEMENTS--GENERAL INFORMATION | |
| fixed length control field | 000503s1960 xxu 000 0 ger u |
| 020 ## - INTERNATIONAL STANDARD BOOK NUMBER | |
| Terms of availability | 04.20 |
| 040 ## - CATALOGING SOURCE | |
| Original cataloging agency | AM-YeHGA |
| 090 ## - LOCALLY ASSIGNED LC-TYPE CALL NUMBER (OCLC); LOCAL CALL NUMBER (RLIN) | |
| -- | 508716 |
| 100 10 - MAIN ENTRY--PERSONAL NAME | |
| Personal name | Шелингер, Николай Анатольевич |
| 245 10 - TITLE STATEMENT | |
| Title | Немецкий язык : |
| Remainder of title | Сложноподчиненное предложение : Учебное пособие / |
| Statement of responsibility, etc. | Н.А. Шелингер, Н.Н. Нелидова ; М-во высш. и сред. спец. образ. РСФС. |
| 260 0# - PUBLICATION, DISTRIBUTION, ETC. | |
| Place of publication, distribution, etc. | Л. : |
| Name of publisher, distributor, etc. | Б. и. , |
| Date of publication, distribution, etc. | 1960. |
| 300 ## - PHYSICAL DESCRIPTION | |
| Extent | 90 с. |
| 650 #4 - SUBJECT ADDED ENTRY--TOPICAL TERM | |
| Topical term or geographic name entry element | Немецкий язык |
| 700 1# - ADDED ENTRY--PERSONAL NAME | |
| Personal name | Нелидова, Надежда Николаевна |
| 710 2# - ADDED ENTRY--CORPORATE NAME | |
| Corporate name or jurisdiction name as entry element | Северо-Западный заочный политехнический ин-т |
| Withdrawn status | Lost status | Source of classification or shelving scheme | Damaged status | Not for loan | Collection | Home library | Current library | Date acquired | Total checkouts | Full call number | Barcode | Date last seen | Price effective from | Koha item type | Public note |
|---|---|---|---|---|---|---|---|---|---|---|---|---|---|---|---|
| Universal Decimal Classification | General | Fundamental Scientific Library | Fundamental Scientific Library | 22/01/2020 | PII/31749 | FL0618196 | 22/01/2020 | 22/01/2020 | Գրքեր / Books | 30 Days Loan |
ՀՀ Գիտությունների ազգային ակադեմիայի հիմնարար գիտական գրադարան = Fundamental Scientific Library of NAS RA
All site content, except where otherwise noted, is licensed under a